ARRUPE JESUIT UNIVERSITY

CORONAVIRUS -STOP THE SPREAD - CLEAN,DISINFECT,COVER

Eschatology and hope / (Record no. 129006)

MARC details
000 -LEADER
fixed length control field 01576cam a22003494a 4500
001 - CONTROL NUMBER
control field 14163759
003 - CONTROL NUMBER IDENTIFIER
control field ARRUPE
005 - DATE AND TIME OF LATEST TRANSACTION
control field 20190214101417.0
008 - FIXED-LENGTH DATA ELEMENTS--GENERAL INFORMATION
fixed length control field 051102s2006 nyu b 001 0 eng
010 ## - LIBRARY OF CONGRESS CONTROL NUMBER
LC control number 2005031825
020 ## - INTERNATIONAL STANDARD BOOK NUMBER
International Standard Book Number 1570756511 (pbk.)
020 ## - INTERNATIONAL STANDARD BOOK NUMBER
International Standard Book Number 9781570756511
035 ## - SYSTEM CONTROL NUMBER
System control number (OCoLC)ocm62281885
035 ## - SYSTEM CONTROL NUMBER
System control number (OCoLC)62281885
040 ## - CATALOGING SOURCE
Original cataloging agency DLC
Transcribing agency DLC
Modifying agency BAKER
-- C#P
-- YDXCP
-- DLC
042 ## - AUTHENTICATION CODE
Authentication code pcc
050 00 - LIBRARY OF CONGRESS CALL NUMBER
Classification number BT821.3
Item number .K46 2006
082 00 - DEWEY DECIMAL CLASSIFICATION NUMBER
Classification number 236
Edition number 22
300 ## - PHYSICAL DESCRIPTION
Dimensions 24 cm.
100 1# - MAIN ENTRY--PERSONAL NAME
Personal name Kelly, Anthony,
Dates associated with a name 1938-
9 (RLIN) 44651
245 10 - TITLE STATEMENT
Title Eschatology and hope /
Statement of responsibility, etc Anthony Kelly.
260 ## - PUBLICATION, DISTRIBUTION, ETC. (IMPRINT)
Place of publication, distribution, etc Maryknoll, N.Y. :
Name of publisher, distributor, etc Orbis Books,
Date of publication, distribution, etc c2006.
300 ## - PHYSICAL DESCRIPTION
Extent xiii, 242 p. ;
490 1# - SERIES STATEMENT
Series statement Theology in global perspective series
504 ## - BIBLIOGRAPHY, ETC. NOTE
Bibliography, etc Includes bibliographical references (p. 223-228) and indexes.
505 0# - FORMATTED CONTENTS NOTE
Formatted contents note The world of hope -- From hope to eschatology -- The intelligence of hope -- The parable of hope -- Death -- Purgatory -- Hell -- Heaven -- Hope's eucharistic imagination -- Living hope.
650 #0 - SUBJECT ADDED ENTRY--TOPICAL TERM
Topical term or geographic name as entry element Eschatology.
9 (RLIN) 2626
650 #0 - SUBJECT ADDED ENTRY--TOPICAL TERM
Topical term or geographic name as entry element Hope
General subdivision Religious aspects
-- Christianity.
9 (RLIN) 44652
830 #0 - SERIES ADDED ENTRY--UNIFORM TITLE
Uniform title Theology in global perspective.
9 (RLIN) 44653
856 41 - ELECTRONIC LOCATION AND ACCESS
Materials specified Table of contents
Uniform Resource Identifier <a href="http://www.loc.gov/catdir/toc/ecip062/2005031825.html">http://www.loc.gov/catdir/toc/ecip062/2005031825.html</a>
906 ## - LOCAL DATA ELEMENT F, LDF (RLIN)
a 7
b cbc
c orignew
d 1
e ecip
f 20
g y-gencatlg
942 ## - ADDED ENTRY ELEMENTS (KOHA)
Source of classification or shelving scheme Library of Congress Classification
Koha item type Monograph ( Printed materials)
Holdings
Withdrawn status Lost status Source of classification or shelving scheme Damaged status Not for loan Collection code Home library Current library Shelving location Date acquired Total Checkouts Full call number Barcode Date last seen Date checked out Price effective from Koha item type
    Library of Congress Classification     Main Collection ARRUPE LIBRARY ARRUPE LIBRARY Main Collection 14/02/2019 1 BT821.3 .K46 2006 46600003781 23/08/2019 15/07/2019 14/02/2019 Monograph ( Printed materials)

 

Arrupe Library. PO Box MP320 Mt Pleasant, Harare, Zimbabwe
263 242 745411|librarian@aju.ac.zw